Improving ruminant production and reducing methane emissions from ruminants by strategic supplementation

সংরক্ষণ করুন:
গ্রন্থ-পঞ্জীর বিবরন
প্রধান লেখক: Leng, R. A.
বিন্যাস: গ্রন্থ
ভাষা:Undetermined
প্রকাশিত: [New York] 1991
বিষয়গুলি:
ট্যাগগুলো: ট্যাগ যুক্ত করুন
কোনো ট্যাগ নেই, প্রথমজন হিসাবে ট্যাগ করুন!
Thư viện lưu trữ: Trung tâm Học liệu Trường Đại học Cần Thơ
LEADER 00500nam a2200169Ia 4500
001 CTU_126176
008 210402s9999 xx 000 0 und d
082 |a 636.2 
082 |b L566 
100 |a Leng, R. A. 
245 0 |a Improving ruminant production and reducing methane emissions from ruminants by strategic supplementation 
245 0 |c R. A. Leng 
260 |a [New York] 
260 |c 1991 
650 |a Cattle 
904 |i Nguyên 
980 |a Trung tâm Học liệu Trường Đại học Cần Thơ